| 000 | 00414cam a2200193 4500 | ||
|---|---|---|---|
| 001 | D13590 | ||
| 008 | 090401t1949 xxu||||| |||| 00| 0 eng d | ||
| 035 | _a(Sirsi) u10603 | ||
| 041 | _aeng | ||
| 100 | _aParry, R. | ||
| 245 | _aValuation tables | ||
| 250 | _a7th | ||
| 260 |
_bEstates Gazette _c1949 |
||
| 350 | _a0 | ||
| 520 | _aShelf 133 | ||
| 700 | _aJenkins, W.R. | ||
| 942 | _n0 | ||
| 948 | _c04/03/1997 | ||
| 999 |
_c86762 _d86762 |
||